000 00942nam a2200373Ia 4500
001 244
005 20240113233406.0
007 ta
008 050107s2002 a g b000 u bod u
040 _aCotton College,Assam
041 _abod
082 _a891.492B
_bBo 23 Mu
100 _aBoro, Madhu Ram .
245 0 _aMugani Thandwi /
_cMadhu Ram Boro.
_hTextual Documents
250 _a1st ed /
260 _aGuwahati(Assam) :
_bN.L.publication ,
_c2002.
300 _a84p. :
_bill ;
_c22cm. .
500 _aThis book is written in Bodo language Issued to the Deptt (Bodo) Acc No-89810
653 _aBodo Drama
653 _aGen-Bodo
942 _2ddc
_cBK
999 _c244
_d244